Collins Shorter Guide to the Pests, Diseases and Disorders of Garden Plants (Record no. 72118)

MARC details
000 -LEADER
fixed length control field 00777nam a2200229Ia 4500
003 - CONTROL NUMBER IDENTIFIER
control field OSt
005 - DATE AND TIME OF LATEST TRANSACTION
control field 20260204105934.0
008 - FIXED-LENGTH DATA ELEMENTS--GENERAL INFORMATION
fixed length control field 220909b |||||||| |||| 00| 0 eng d
037 ## - SOURCE OF ACQUISITION
Terms of availability Reference Collections
040 ## - CATALOGING SOURCE
Original cataloging agency CSL
Language of cataloging eng
Transcribing agency CSL
041 ## - LANGUAGE CODE
Language code of text/sound track or separate title eng
084 ## - COLON CLASSIFICATION NUMBER
Classification number J1:4g M3 RR
Assigning agency CSL
100 ## - MAIN ENTRY--PERSONAL NAME
Personal name Buczacki, Stefan T.
Relator term author.
9 (RLIN) 1113520
245 #0 - TITLE STATEMENT
Title Collins Shorter Guide to the Pests, Diseases and Disorders of Garden Plants
260 ## - PUBLICATION, DISTRIBUTION, ETC.
Place of publication, distribution, etc. London :
Name of publisher, distributor, etc. William Collins ,
Date of publication, distribution, etc. 1983.
300 ## - PHYSICAL DESCRIPTION
Extent 319 p.
Other physical details : ill.
650 ## - SUBJECT ADDED ENTRY--TOPICAL TERM
Topical term or geographic name entry element Agricutlrue
9 (RLIN) 1113521
650 ## - SUBJECT ADDED ENTRY--TOPICAL TERM
Topical term or geographic name entry element Pest
9 (RLIN) 1113522
700 ## - ADDED ENTRY--PERSONAL NAME
Personal name Harris, Keith M.
Relator term co-author.
9 (RLIN) 1113523
942 ## - ADDED ENTRY ELEMENTS (KOHA)
Classification part J1:4g M3 RR
Koha item type Reference
Source of classification or shelving scheme Colon Classification (CC)
Suppress in OPAC No
Holdings
Withdrawn status Lost status Damaged status Not for loan Home library Current library Date acquired Total Checkouts Full call number Barcode Date last seen Price effective from Koha item type
        Central Science Library Central Science Library 2022-09-12   J1:4g M3 RR SL0954039 2022-09-12 2022-09-12 Reference
Copyright @ Delhi University Library System